000170313 001__ 170313
000170313 005__ 20260410165451.0
000170313 0247_ $$2doi$$a10.1016/j.jmaa.2011.07.060
000170313 0248_ $$2sideral$$a75912
000170313 037__ $$aART-2012-75912
000170313 041__ $$aeng
000170313 100__ $$aLópez, J.L
000170313 245__ $$aExponential wealth distribution in a random market. A rigorous explanation
000170313 260__ $$c2012
000170313 5203_ $$aIn simulations of some economic gas-like models, the asymptotic regime shows an exponential wealth distribution, independently of the initial wealth distribution given to the system. The appearance of this statistical equilibrium for this type of gas-like models is explained in a rigorous analytical way.
000170313 540__ $$9info:eu-repo/semantics/closedAccess$$aAll rights reserved$$uhttp://www.europeana.eu/rights/rr-f/
000170313 590__ $$a1.05$$b2012
000170313 591__ $$aMATHEMATICS$$b34 / 295 = 0.115$$c2012$$dQ1$$eT1
000170313 591__ $$aMATHEMATICS, APPLIED$$b71 / 247 = 0.287$$c2012$$dQ2$$eT1
000170313 655_4 $$ainfo:eu-repo/semantics/article$$vinfo:eu-repo/semantics/publishedVersion
000170313 700__ $$0(orcid)0000-0003-4055-3390$$aLópez-Ruiz, R.$$uUniversidad de Zaragoza
000170313 700__ $$aCalbet, X.
000170313 7102_ $$15007$$2075$$aUniversidad de Zaragoza$$bDpto. Informát.Ingenie.Sistms.$$cÁrea Ciencia Comput.Intelig.Ar
000170313 773__ $$g386, 1 (2012), 195-204$$pJ. math. anal. appl.$$tJOURNAL OF MATHEMATICAL ANALYSIS AND APPLICATIONS$$x0022-247X
000170313 8564_ $$s237822$$uhttps://zaguan.unizar.es/record/170313/files/texto_completo.pdf$$yVersión publicada
000170313 8564_ $$s1876254$$uhttps://zaguan.unizar.es/record/170313/files/texto_completo.jpg?subformat=icon$$xicon$$yVersión publicada
000170313 909CO $$ooai:zaguan.unizar.es:170313$$particulos$$pdriver
000170313 951__ $$a2026-04-10-13:46:23
000170313 980__ $$aARTICLE